[Event "FIDE TURNIR 2013"]
[Site "Ljubljana"]
[Date "2013.05.22"]
[Round "6.11"]
[White "Bojko, Filip"]
[Black "Ocepek, Jan"]
[Result "1/2-1/2"]
[WhiteElo "1509"]
[BlackElo "1500"]
[PlyCount "39"]
[EventDate "2013.05.22"]

1. d4 d5 2. Nc3 Nf6 3. Bg5 e6 4. Nf3 Bb4 5. e3 O-O 6. Bd3 Nc6 7. O-O Bd7 8. Ne5
h6 9. Bh4 Re8 10. Nxd7 Qxd7 11. Bxf6 gxf6 12. Qg4+ Kh8 13. Qh4 Kg7 14. e4 Qe7
15. exd5 exd5 16. Nxd5 Qd6 17. Nf4 Qxd4 18. Nh5+ Kf8 19. Qxd4 Nxd4 20. c3
1/2-1/2

[Event "FIDE TURNIR 2013"]
[Site "Ljubljana"]
[Date "2013.05.22"]
[Round "6.12"]
[White "Kovacic, Marko"]
[Black "Suljanovic, Zuhdija"]
[Result "0-1"]
[WhiteElo "1612"]
[BlackElo "1926"]
[PlyCount "50"]
[EventDate "2013.05.22"]

1. e4 d5 2. exd5 Qxd5 3. Nc3 Qa5 4. d4 Nf6 5. Bd3 Bg4 6. f3 Bf5 7. Nge2 e6 8.
a3 c6 9. Be3 Bxd3 10. Qxd3 Be7 11. O-O Nbd7 12. b4 Qd8 13. Ne4 O-O 14. f4 Nxe4
15. Qxe4 Nf6 16. Qd3 b6 17. Rf3 Rc8 18. c3 c5 19. Qb1 Nd5 20. f5 Nxe3 21. Rxe3
cxd4 22. Nxd4 Rxc3 23. Re4 Bf6 24. Ne2 exf5 25. Rf4 Rd3 0-1

[Event "FIDE TURNIR 2013"]
[Site "Ljubljana"]
[Date "2013.05.22"]
[Round "6.13"]
[White "Drobnic, Simona"]
[Black "Hrescak, Ivana"]
[Result "0-1"]
[WhiteElo "1347"]
[BlackElo "1786"]
[PlyCount "42"]
[EventDate "2013.05.22"]

1. d4 Nf6 2. c4 g6 3. Nc3 Bg7 4. Bf4 d6 5. e3 O-O 6. Nf3 Nbd7 7. Be2 c5 8. O-O
Nh5 9. Bg3 Nxg3 10. fxg3 Bh6 11. Qd3 Qb6 12. Na4 Qb4 13. b3 a6 14. d5 Nf6 15.
e4 Ng4 16. Rfe1 Bg7 17. Rac1 f5 18. exf5 Bxf5 19. Qd2 Qxd2 20. Nxd2 Bd4+ 21.
Kh1 Nf2+ 0-1

[Event "FIDE TURNIR 2013"]
[Site "Ljubljana"]
[Date "2013.06.04"]
[Round "6.14"]
[White "Sivcevic, Nusret"]
[Black "Subelj, Jan"]
[Result "1-0"]
[WhiteElo "1840"]
[BlackElo "1503"]
[PlyCount "87"]
[EventDate "2013.05.22"]

1. f3 e5 2. e4 Bc5 3. Bc4 Bxg1 4. Rxg1 Qh4+ 5. Kf1 Qxh2 6. d4 Nc6 7. d5 Na5 8.
Be2 b6 9. Kf2 Qh4+ 10. g3 Qe7 11. a3 d6 12. b4 Nb7 13. c4 a5 14. Bb2 Nf6 15.
Nc3 Bd7 16. Qd2 O-O 17. Rh1 h6 18. g4 Nh7 19. Rh5 Qf6 20. Kg2 Qg6 21. Rah1 f5
22. exf5 Bxf5 23. Bc1 Rf7 24. R1h4 Bd7 25. Bd3 Qf6 26. Bxh7+ Kxh7 27. Rxh6+
gxh6 28. Rxh6+ Qxh6 29. Qxh6+ Kg8 30. Ne4 axb4 31. axb4 Ra2+ 32. Kg3 Ra1 33.
Bg5 Bxg4 34. Kxg4 Rg1+ 35. Ng3 Rc1 36. Bf6 Rxc4+ 37. Ne4 Rxf6 38. Qg5+ Kh7 39.
Qxf6 Kg8 40. Kf5 Rxe4 41. fxe4 Nd8 42. Qg6+ Kf8 43. Kf6 c5 44. Qg7+ 1-0

[Event "FIDE TURNIR 2013"]
[Site "Ljubljana"]
[Date "2013.05.22"]
[Round "6.15"]
[White "Malkoc, Tilen"]
[Black "Markosek, Maj"]
[Result "0-1"]
[WhiteElo "1337"]
[BlackElo "1656"]
[PlyCount "90"]
[EventDate "2013.05.22"]

1. e4 c6 2. d4 d5 3. Nc3 dxe4 4. Nxe4 Nd7 5. Nf3 Ngf6 6. Bd3 Nxe4 7. Bxe4 Nf6
8. Qd3 g6 9. Bf4 Nxe4 10. Qxe4 Bg7 11. c3 Qb6 12. Qc2 Bf5 13. Qe2 O-O 14. O-O
Rfe8 15. Qd2 Rad8 16. Rfe1 Qb5 17. Bg5 f6 18. Bf4 e5 19. Be3 Bg4 20. Qe2 Qxe2
21. Rxe2 e4 22. h3 exf3 23. gxf3 Bxf3 24. Ree1 h6 25. Kh2 g5 26. Rg1 f5 27. h4
f4 28. Bd2 Re2 29. Be1 g4 30. Rf1 Bf6 31. h5 Rxb2 32. c4 Bxd4 33. Rc1 Re8 34.
Kg1 g3 35. a4 g2 36. Bc3 gxf1=Q+ 37. Kxf1 Bxc3 38. Kg1 Ree2 39. Rf1 Bd4 40. Kh2
Bxf2 41. Kh3 Bxh5 42. a5 Re3+ 43. Kh2 Bh4+ 44. Kg1 Rg3+ 45. Kh1 f3 0-1

[Event "FIDE TURNIR 2013"]
[Site "Ljubljana"]
[Date "2013.05.22"]
[Round "6.16"]
[White "Korosec, Stefan"]
[Black "Trplan, Filip"]
[Result "1-0"]
[WhiteElo "1727"]
[BlackElo "1324"]
[PlyCount "58"]
[EventDate "2013.05.22"]

1. e4 d6 2. d4 Nf6 3. Nc3 g6 4. f4 Bg7 5. Nf3 O-O 6. Be2 Bg4 7. O-O Nbd7 8. Be3
c5 9. Rb1 cxd4 10. Bxd4 Qa5 11. h3 Bxf3 12. Bxf3 Rfc8 13. e5 dxe5 14. fxe5 Ne8
15. Bxb7 Rab8 16. Bxc8 Rxc8 17. Qf3 f5 18. exf6 Nexf6 19. Ne4 Qa6 20. Qb3+ Kh8
21. Ng5 Rf8 22. Nf7+ Kg8 23. Ne5+ e6 24. Nxd7 Nxd7 25. Rxf8+ Nxf8 26. Bxg7 Kxg7
27. Qc3+ Kg8 28. Qf6 Qb7 29. Rf1 Qc7 1-0

[Event "FIDE TURNIR 2013"]
[Site "Ljubljana"]
[Date "2013.06.15"]
[Round "6.17"]
[White "Bogataj, Tomaz"]
[Black "Cerne, Peter"]
[Result "1-0"]
[WhiteElo "1723"]
[BlackElo "1417"]
[PlyCount "143"]
[EventDate "2013.05.22"]

1. d4 d5 2. e3 e6 3. c4 c6 4. Nf3 Nf6 5. Nc3 Be7 6. Bd3 Nbd7 7. O-O O-O 8. Qc2
dxc4 9. Bxc4 Nd5 10. Nxd5 exd5 11. Bd3 Nf6 12. a3 a6 13. b4 Bg4 14. Bd2 Rc8 15.
Kh1 Ne4 16. Bxe4 dxe4 17. Qxe4 f5 18. Qe6+ Kh8 19. Ne5 Bh5 20. f4 Rf6 21. Qc4
Qd5 22. Rac1 Qxc4 23. Nxc4 b5 24. Ne5 Be8 25. Be1 Rf8 26. Rf2 Bh4 27. g3 Bf6
28. Rfc2 Bxe5 29. dxe5 Bf7 30. Bc3 Bd5+ 31. Kg1 Be4 32. Rd2 Rfd8 33. Rxd8+ Rxd8
34. Bd4 h6 35. Kf2 Kg8 36. Ke2 Kf7 37. e6+ Kxe6 38. Bxg7 h5 39. Bd4 Rd7 40. h4
Rd8 41. Rc5 Bd5 42. Rc1 Rg8 43. Kf2 Rd8 44. Re1 Be4 45. Ra1 Bc2 46. Rc1 Be4 47.
Rc5 Bd5 48. g4 hxg4 49. h5 Rd7 50. h6 Rf7 51. Bg7 Rxg7 52. hxg7 Kf7 53. Kg3
Kxg7 54. Rc2 Kf6 55. Rh2 Be4 56. Rh7 Ke6 57. Ra7 Kd5 58. Rxa6 Kc4 59. Ra7 Kb3
60. Re7 Kxa3 61. Rxe4 fxe4 62. f5 Kxb4 63. f6 c5 64. f7 c4 65. f8=Q+ Kb3 66.
Qf1 c3 67. Qxb5+ Ka3 68. Kxg4 c2 69. Qc5+ Kb2 70. Kf4 c1=Q 71. Qxc1+ Kxc1 72.
Kxe4 1-0

[Event "FIDE TURNIR 2013"]
[Site "Ljubljana"]
[Date "2013.05.22"]
[Round "6.18"]
[White "Sketa, Mark"]
[Black "Straze, Jurij"]
[Result "1-0"]
[WhiteElo "1501"]
[BlackElo "1353"]
[PlyCount "145"]
[EventDate "2013.05.22"]

1. e4 c6 2. d4 d5 3. Nc3 dxe4 4. Nxe4 Nf6 5. Nxf6+ gxf6 6. Nf3 Bf5 7. g3 e6 8.
Bg2 Qc7 9. O-O Bd6 10. b3 Nd7 11. Bb2 O-O-O 12. c4 h5 13. d5 Bg4 14. h3 Bxf3
15. Qxf3 c5 16. Rad1 e5 17. h4 Rdg8 18. Bh3 Rh6 19. Qe4 Kb8 20. Bc1 Rhg6 21.
Bf5 R6g7 22. Bh6 Rg6 23. Bxg6 Rxg6 24. Bc1 Nf8 25. Kh2 Qd7 26. f3 f5 27. Qe1 e4
28. f4 b6 29. a3 Be7 30. b4 Qc7 31. Qc3 Bf6 32. Qb3 Bg7 33. Be3 Nd7 34. Qa4 Rf6
35. Qb5 Bf8 36. Rd2 Bd6 37. Qc6 Be7 38. Qxc7+ Kxc7 39. Rb1 Bd6 40. Rdb2 Rg6 41.
Bd2 Rh6 42. Bc3 Rh7 43. bxc5 Bxc5 44. Rb3 Be7 45. Be5+ Kc8 46. d6 Bf8 47. Rb5
Nxe5 48. fxe5 f6 49. Rd1 fxe5 50. Rxe5 Kd7 51. Rxf5 Bxd6 52. Rf6 Kc6 53. Rfxd6+
Kc5 54. Rd7 Rxd7 55. Rxd7 Kxc4 56. Rxa7 Kd3 57. Rb7 e3 58. Rxb6 Ke2 59. a4 Kf2
60. a5 e2 61. Re6 e1=Q 62. Rxe1 Kxe1 63. a6 Kd2 64. a7 Kc3 65. a8=Q Kb4 66. Qc6
Ka5 67. Qb7 Ka4 68. Kg2 Ka5 69. Kf3 Ka4 70. Ke3 Ka3 71. Kd3 Ka4 72. Kc4 Ka3 73.
Qb3# 1-0

[Event "FIDE TURNIR 2013"]
[Site "Ljubljana"]
[Date "2013.05.22"]
[Round "6.19"]
[White "Marn, Jan"]
[Black "Novakovic, Gosto"]
[Result "0-1"]
[WhiteElo "1384"]
[BlackElo "1819"]
[PlyCount "100"]
[EventDate "2013.05.22"]

1. e4 e5 2. Nf3 Nc6 3. Bc4 Bc5 4. O-O Nf6 5. d3 O-O 6. Bg5 Be7 7. Nc3 h6 8. Be3
d6 9. h3 Na5 10. Bb5 c6 11. Ba4 b5 12. Bb3 Nb7 13. Re1 a5 14. a3 a4 15. Ba2 Qc7
16. d4 exd4 17. Bxd4 Ne8 18. e5 d5 19. Bxd5 cxd5 20. Nxd5 Qd8 21. Nxe7+ Qxe7
22. Bc3 Nc7 23. Bb4 Nc5 24. Qd6 Qxd6 25. exd6 N7e6 26. Re5 Nd7 27. Rxb5 Ba6 28.
Rd5 Rfc8 29. c3 Bb7 30. Rd3 Bxf3 31. Rxf3 Ra6 32. Rd1 Rcc6 33. Rd5 g6 34. Rb5
Rcb6 35. Rd5 Rc6 36. Rb5 Rxd6 37. Bxd6 Rxd6 38. Rb4 Ndc5 39. Rh4 Kg7 40. Rg3
Rd1+ 41. Kh2 Rd2 42. Rb4 Rxf2 43. Rf3 Re2 44. Rg3 g5 45. h4 Kg6 46. hxg5 hxg5
47. Rgg4 f5 48. Rg3 g4 49. c4 Kg5 50. Kg1 Nf4 0-1

[Event "FIDE TURNIR 2013"]
[Site "Ljubljana"]
[Date "2013.06.03"]
[Round "6.20"]
[White "Drobnic, Rok"]
[Black "Krejic, Nik"]
[Result "0-1"]
[WhiteElo "1235"]
[BlackElo "1603"]
[PlyCount "48"]
[EventDate "2013.05.22"]

1. e4 e5 2. f4 exf4 3. Nf3 g5 4. Bc4 g4 5. Ne5 Qh4+ 6. Kf1 Nh6 7. d4 d6 8. Nd3
f5 9. exf5 Nxf5 10. Bxf4 Nxd4 11. c3 Nf5 12. Qe2+ Be7 13. g3 Qf6 14. Nd2 Nc6
15. Qxg4 Ne3+ 16. Kg1 Nxg4 17. Ne4 Qf5 18. h3 Qxe4 19. hxg4 Qxc4 20. b3 Qxd3
21. Bh6 Qxg3+ 22. Kf1 Bxg4 23. Rg1 Qf3+ 24. Ke1 Qe2# 0-1

[Event "FIDE TURNIR 2013"]
[Site "Ljubljana"]
[Date "2013.06.18"]
[Round "7.1"]
[White "Bratkovic, Jakob"]
[Black "Trcek, Alojzij"]
[Result "0-1"]
[WhiteElo "1949"]
[BlackElo "1657"]
[PlyCount "165"]
[EventDate "2013.05.29"]

1. e4 e5 2. Nf3 Nc6 3. Bb5 a6 4. Ba4 Nf6 5. O-O Be7 6. Re1 b5 7. Bb3 O-O 8. d4
d6 9. c3 Bg4 10. Be3 d5 11. exd5 e4 12. dxc6 exf3 13. h3 Bf5 14. Qxf3 Be4 15.
Qe2 Re8 16. Nd2 Bxc6 17. Nf3 Bd5 18. Bxd5 Qxd5 19. a4 Bd6 20. axb5 axb5 21.
Rxa8 Rxa8 22. Bg5 Re8 23. Qxe8+ Nxe8 24. Rxe8+ Bf8 25. Be7 h6 26. Rxf8+ Kh7 27.
Ba3 Qe6 28. Rb8 Qd5 29. Re8 f6 30. Re7 c6 31. Nd2 Qg5 32. Re2 h5 33. Nf3 Qc1+
34. Re1 Qf4 35. Re6 g5 36. Ne1 Kg6 37. Kf1 g4 38. hxg4 hxg4 39. Be7 Qc7 40.
Rxf6+ Kg7 41. Re6 Kf7 42. Re3 Kg6 43. Bh4 Qf7 44. Bg3 Qc4+ 45. Nd3 Kf6 46. Kg1
Qb3 47. Bh4+ Kg6 48. Nf4+ Kg7 49. Re7+ Kg8 50. Re2 b4 51. cxb4 Qxb4 52. d5 Qxf4
53. dxc6 Qc1+ 54. Kh2 Qxc6 55. g3 Qc4 56. Rd2 Kf7 57. Bg5 Ke6 58. Be3 Qe4 59.
Rd4 Qh7+ 60. Kg1 Qb1+ 61. Kg2 Qf5 62. b4 Qf3+ 63. Kg1 Qe2 64. Kh2 Ke5 65. Rf4
Kd5 66. b5 Kd6 67. b6 Qb2 68. Rxg4 Kc6 69. Rh4 Qg7 70. Rc4+ Kd5 71. Rc7 Qh8+
72. Kg2 Qb8 73. Ra7 Qe8 74. Ra5+ Kc6 75. Rc5+ Kb7 76. Rc7+ Ka6 77. b7 Qe4+ 78.
Kh2 Qb1 79. Rc6+ Ka5 80. Bb6+ Ka4 81. Rc4+ Kb5 82. b8=Q Kxc4 83. Qc7+ 0-1

[Event "FIDE TURNIR 2013"]
[Site "Ljubljana"]
[Date "2013.05.29"]
[Round "7.2"]
[White "Sajn, Simon"]
[Black "Unuk, Laura"]
[Result "1/2-1/2"]
[WhiteElo "2045"]
[BlackElo "2008"]
[PlyCount "110"]
[EventDate "2013.05.29"]

1. d4 Nf6 2. c4 g6 3. Nc3 d5 4. cxd5 Nxd5 5. e4 Nxc3 6. bxc3 Bg7 7. Bc4 O-O 8.
Ne2 c5 9. O-O Nc6 10. Be3 Qc7 11. Rc1 Rd8 12. Qd2 b6 13. Rfd1 Na5 14. Bd3 c4
15. Bb1 e5 16. Bh6 Bd7 17. Bxg7 Kxg7 18. Qg5 Ba4 19. Rf1 f6 20. Qg3 Nc6 21. Bc2
Bxc2 22. Rxc2 Qe7 23. d5 Nb8 24. f4 Nd7 25. Qg4 Nc5 26. Ng3 Kh8 27. h4 Qd7 28.
Qf3 Nd3 29. f5 Nf4 30. fxg6 hxg6 31. Ne2 Nh5 32. g4 Ng7 33. Ng3 Rf8 34. h5 g5
35. h6 Ne8 36. Rcf2 b5 37. Qe2 a5 38. Rf5 Qe7 39. Qf2 Rg8 40. Nh5 Rg6 41. Nxf6
Nd6 42. Rf3 Qa7 43. Re1 b4 44. Nh5 Qxf2+ 45. Kxf2 Rb8 46. Ng3 bxc3 47. Rxc3
Rf6+ 48. Nf5 Rb2+ 49. Kg3 Rxa2 50. Nxd6 Rxd6 51. Rf1 Rxh6 52. Rxc4 Rhh2 53. Rc7
Rhg2+ 54. Kf3 Rh2 55. Kg3 Rhg2+ 1/2-1/2

[Event "FIDE TURNIR 2013"]
[Site "Ljubljana"]
[Date "2013.06.17"]
[Round "7.3"]
[White "Cop, Jaka"]
[Black "Bratkovic, Sham"]
[Result "1/2-1/2"]
[WhiteElo "1703"]
[BlackElo "1956"]
[PlyCount "114"]
[EventDate "2013.05.29"]

1. e4 c5 2. Nc3 Nc6 3. g3 g6 4. Bg2 Bg7 5. d3 e6 6. Be3 d6 7. Qd2 Rb8 8. Nge2
Nd4 9. Nd1 b5 10. c3 Nxe2 11. Qxe2 b4 12. cxb4 Rxb4 13. Bd2 Rb8 14. Bc3 Bd4 15.
O-O e5 16. Ne3 Ne7 17. Bxd4 cxd4 18. Nc4 O-O 19. f4 f6 20. h4 Kg7 21. Kh2 Be6
22. Rac1 Qd7 23. Rc2 Rfc8 24. fxe5 dxe5 25. Qf2 Rf8 26. Rfc1 Qb5 27. b3 Qb4 28.
Bh3 Bxh3 29. Kxh3 Rbc8 30. Qe2 Rc5 31. Qe1 Rfc8 32. Qd2 Qb8 33. b4 Rb5 34. a3
f5 35. Qg5 Rb7 36. Re1 Re8 37. Rf2 h6 38. Qd2 fxe4 39. Rxe4 Nd5 40. Re1 Nc3 41.
Ref1 Rbe7 42. Kh2 Qd8 43. Nxe5 Qd5 44. Rf7+ Rxf7 45. Rxf7+ Qxf7 46. Nxf7 Re2+
47. Qxe2 Nxe2 48. Ne5 Kf6 49. Nc6 Ke6 50. Kg2 Kd6 51. Na5 Nc1 52. Nb7+ Kd5 53.
Nc5 a5 54. Kf3 axb4 55. axb4 Na2 56. Na6 Nc1 57. Nc5 Na2 1/2-1/2

[Event "FIDE TURNIR 2013"]
[Site "Ljubljana"]
[Date "2013.05.29"]
[Round "7.4"]
[White "Susa, Maks"]
[Black "Unuk, Jan"]
[Result "0-1"]
[WhiteElo "1376"]
[BlackElo "1573"]
[PlyCount "100"]
[EventDate "2013.05.29"]

1. e4 e6 2. d4 d5 3. Nc3 Bb4 4. e5 c5 5. a3 Bxc3+ 6. bxc3 Nc6 7. Nf3 Nge7 8.
Bg5 Qc7 9. Bxe7 Qxe7 10. Bb5 O-O 11. O-O a6 12. Bxc6 bxc6 13. Nd2 cxd4 14. cxd4
c5 15. dxc5 Qxc5 16. Nb3 Qc7 17. Rc1 Qxe5 18. Re1 Qc7 19. Re3 Rd8 20. Qd4 f6
21. Rd3 e5 22. Qh4 Bf5 23. Rg3 Bg6 24. Qh3 Qd7 25. Qh4 Rac8 26. Na1 Rc4 27. Qh3
Qxh3 28. Rxh3 Rdc8 29. c3 Ra4 30. Nc2 Bxc2 31. Rxc2 Rxa3 32. Kf1 Ra5 33. Ke2 h6
34. Re3 d4 35. Rd3 Rac5 36. Kd2 dxc3+ 37. Rcxc3 Rxc3 38. Rxc3 Rxc3 39. Kxc3 Kf7
40. Kb4 Ke6 41. Ka5 Kd5 42. Kxa6 Kd4 43. Kb6 Kd3 44. f3 Ke2 45. Kc6 Kf2 46. Kd5
Kxg2 47. Ke4 Kxh2 48. f4 exf4 49. Kxf4 Kh3 50. Kf5 g5 0-1

[Event "FIDE TURNIR 2013"]
[Site "Ljubljana"]
[Date "2013.06.18"]
[Round "7.5"]
[White "Straze, Matija"]
[Black "Milicevic, David"]
[Result "1-0"]
[WhiteElo "1588"]
[BlackElo "1660"]
[PlyCount "89"]
[EventDate "2013.05.29"]

1. e4 c6 2. d4 d5 3. exd5 cxd5 4. Bd3 Nf6 5. Nd2 Bg4 6. f3 Bh5 7. Ne2 e6 8. O-O
Bd6 9. c3 Nbd7 10. Qc2 Bg6 11. f4 Bxd3 12. Qxd3 Qc7 13. Nf3 Ne4 14. Ne5 O-O 15.
b3 f5 16. c4 Ndf6 17. c5 Be7 18. b4 b6 19. Be3 a5 20. a3 axb4 21. axb4 Rfb8 22.
h3 bxc5 23. bxc5 Qb7 24. Rfb1 Rxa1 25. Rxa1 Bd8 26. Qa6 Qxa6 27. Rxa6 Bc7 28.
Kh2 Bxe5 29. fxe5 Nd7 30. Rxe6 Rb2 31. Nf4 Ng5 32. Rd6 Nf8 33. Nxd5 Nf3+ 34.
Kg3 Ne1 35. Ne7+ Kf7 36. Nxf5 Rxg2+ 37. Kf4 Ne6+ 38. Ke4 Nf8 39. d5 Rc2 40. e6+
Nxe6 41. dxe6+ Ke8 42. e7 Rc4+ 43. Bd4 Kf7 44. Rd8 g6 45. e8=Q# 1-0

[Event "FIDE TURNIR 2013"]
[Site "Ljubljana"]
[Date "2013.05.29"]
[Round "7.6"]
[White "Pridigar, Lovro"]
[Black "Bojko, Filip"]
[Result "1-0"]
[WhiteElo "1558"]
[BlackElo "1509"]
[PlyCount "79"]
[EventDate "2013.05.29"]

1. d4 d5 2. c4 c6 3. Nc3 Bf5 4. Nf3 Nf6 5. Bg5 Nbd7 6. cxd5 Nxd5 7. Nxd5 cxd5
8. Qb3 Nb6 9. e3 Rc8 10. Bb5+ Bd7 11. O-O Bxb5 12. Qxb5+ Qd7 13. Qxd7+ Kxd7 14.
Rac1 f6 15. Bf4 Rxc1 16. Rxc1 e6 17. Rc7+ Kd8 18. Rxb7 Nc8 19. Bc7+ Kd7 20.
Bb8+ Kd8 21. Bxa7 Nxa7 22. Rxa7 Ke8 23. a4 Be7 24. Ra8+ Bd8 25. a5 Rf8 26. a6
Rf7 27. a7 Rd7 28. b4 Kf7 29. b5 Bb6 30. Rf8+ Kxf8 31. a8=Q+ Ke7 32. g3 g5 33.
Qc6 Bd8 34. Nd2 Rc7 35. Qa6 Rd7 36. Nb3 Rd6 37. Qc8 Rd7 38. Nc5 Rc7 39. Qxe6+
Kf8 40. b6 1-0

[Event "FIDE TURNIR 2013"]
[Site "Ljubljana"]
[Date "2013.05.29"]
[Round "7.7"]
[White "Vidic, Teja"]
[Black "Drobnic, Milan"]
[Result "1/2-1/2"]
[WhiteElo "1894"]
[BlackElo "1789"]
[PlyCount "56"]
[EventDate "2013.05.29"]

1. e4 d6 2. d4 Nf6 3. Nc3 e5 4. Nf3 Nbd7 5. Bc4 Be7 6. O-O O-O 7. Re1 c6 8. a4
b6 9. h3 Bb7 10. d5 cxd5 11. Nxd5 Nxd5 12. Bxd5 Bxd5 13. Qxd5 Rc8 14. c3 Nf6
15. Qd3 Qd7 16. Bg5 Rfd8 17. Bxf6 Bxf6 18. c4 Be7 19. b3 Qe6 20. Rad1 g6 21.
Nd2 f5 22. Nb1 f4 23. Qd5 Qxd5 24. Rxd5 Kf7 25. Nc3 g5 26. g3 Ke6 27. Rdd1 h5
28. Kg2 Rg8 1/2-1/2

[Event "FIDE TURNIR 2013"]
[Site "Ljubljana"]
[Date "2013.05.29"]
[Round "7.8"]
[White "Unuk, Robert"]
[Black "Jelen, Miha"]
[Result "1/2-1/2"]
[WhiteElo "1458"]
[BlackElo "1544"]
[PlyCount "114"]
[EventDate "2013.05.29"]

1. d4 d5 2. c4 e6 3. Nc3 c5 4. cxd5 exd5 5. Nf3 Nc6 6. dxc5 d4 7. Na4 b5 8.
cxb6 axb6 9. b3 b5 10. Nb2 Nf6 11. Nd3 Bf5 12. Nfe5 Nxe5 13. Nxe5 Rc8 14. f3
Bb4+ 15. Bd2 Bc2 16. Qc1 Bxb3 17. Qb2 Bxd2+ 18. Qxd2 Be6 19. e3 O-O 20. Bxb5
dxe3 21. Qb2 Qd5 22. a4 Rfd8 23. O-O Rc5 24. Nd3 Rxb5 25. Qxb5 Qxd3 26. Qxd3
Rxd3 27. Rfd1 Rxd1+ 28. Rxd1 Nd5 29. a5 e2 30. Re1 Nc3 31. a6 Bd5 32. Kf2 Kf8
33. Rc1 Na4 34. Rc8+ Ke7 35. a7 Nb6 36. Rb8 Na8 37. Kxe2 Kd7 38. Ke3 Kc7 39.
Kd4 Bc6 40. Ke3 Kd7 41. g3 Ke6 42. g4 Kf6 43. f4 h6 44. Rd8 Ke7 45. Rb8 Kf6 46.
h4 g6 47. Rh8 Kg7 48. Rd8 Bb7 49. g5 h5 50. Kd4 Bf3 51. Ke5 Nc7 52. Rc8 Na8 53.
Kd6 Nb6 54. Rc5 Na4 55. Ra5 Nb6 56. Kc5 Na8 57. Kd6 Bg2 1/2-1/2

[Event "FIDE TURNIR 2013"]
[Site "Ljubljana"]
[Date "2013.05.29"]
[Round "7.9"]
[White "Suljanovic, Zuhdija"]
[Black "Piciga, Aleksander"]
[Result "1-0"]
[WhiteElo "1926"]
[BlackElo "1368"]
[PlyCount "87"]
[EventDate "2013.05.29"]

1. e4 e6 2. Nf3 d5 3. exd5 exd5 4. d4 c6 5. Bd3 Bd6 6. O-O Nf6 7. Re1+ Be7 8.
Qe2 Bg4 9. Nbd2 Nbd7 10. b3 Nb6 11. Ba3 Nc8 12. h3 Be6 13. Bxe7 Qxe7 14. Ng5
Kd7 15. c4 h6 16. Nxe6 fxe6 17. Nf3 Re8 18. c5 Qf8 19. Bg6 Re7 20. b4 a6 21. a4
Na7 22. Bd3 Rd8 23. Ne5+ Kc7 24. Ng6 Qf7 25. Nxe7 Qxe7 26. Qxe6 Qxe6 27. Rxe6
Re8 28. Rae1 Rxe6 29. Rxe6 Kd8 30. f4 b5 31. cxb6 Nc8 32. b7 Kc7 33. bxc8=Q+
Kxc8 34. Rxc6+ Kb7 35. Rxa6 Ne4 36. Re6 Nc3 37. a5 Na4 38. b5 Nb2 39. Re7+ Kb8
40. Be2 Na4 41. b6 Nc3 42. Bg4 Na4 43. Bd7 Nc3 44. Bc6 1-0

[Event "FIDE TURNIR 2013"]
[Site "Ljubljana"]
[Date "2013.05.29"]
[Round "7.10"]
[White "Markosek, Maj"]
[Black "Novak, Anze"]
[Result "1-0"]
[WhiteElo "1656"]
[BlackElo "1500"]
[PlyCount "91"]
[EventDate "2013.05.29"]

1. e4 d5 2. exd5 Nf6 3. c4 e6 4. d4 Bb4+ 5. Bd2 Qe7 6. Qa4+ Bd7 7. Qxb4 Qxb4 8.
Bxb4 exd5 9. Nf3 Nc6 10. Bc3 O-O 11. Nbd2 Rfe8+ 12. Kd1 Ne4 13. Nxe4 dxe4 14.
Ne5 Nxe5 15. dxe5 Bg4+ 16. Be2 Rad8+ 17. Ke1 Be6 18. Rd1 c5 19. Rd2 b6 20. Kd1
Rxd2+ 21. Kxd2 Rd8+ 22. Kc1 a6 23. Rd1 Rb8 24. a4 a5 25. b3 Kf8 26. h3 Ke7 27.
Bg4 Bxg4 28. hxg4 e3 29. f4 e2 30. Re1 Rd8 31. Rxe2 Rd3 32. Kc2 Rg3 33. g5 g6
34. Be1 Rg4 35. g3 Ke6 36. Rd2 Kf5 37. Rd6 Ke4 38. Rd7 Kf3 39. Rxf7 Ke2 40. e6
Kxe1 41. e7 Kf2 42. e8=Q Rxg3 43. Rd7 Re3 44. Rd2+ Kf3 45. Rd3 Rxd3 46. Kxd3
1-0

[Event "FIDE TURNIR 2013"]
[Site "Ljubljana"]
[Date "2013.05.29"]
[Round "7.11"]
[White "More, Erlend"]
[Black "Ocepek, Jan"]
[Result "1-0"]
[WhiteElo "1646"]
[BlackElo "1500"]
[PlyCount "57"]
[EventDate "2013.05.29"]

1. d4 d5 2. c4 e6 3. Nc3 Bb4 4. Nf3 Nf6 5. Bg5 O-O 6. e3 c5 7. Be2 Nbd7 8. O-O
b6 9. cxd5 Bxc3 10. bxc3 exd5 11. Bb5 a6 12. Bc6 Rb8 13. Bf4 Re8 14. Bxb8 h6
15. Bf4 Ne4 16. Qc2 Nef6 17. c4 dxc4 18. Qxc4 Re7 19. Rfd1 Re8 20. dxc5 bxc5
21. Be5 a5 22. Rab1 Kh7 23. Bxf6 gxf6 24. Qd3+ Kg8 25. Bxd7 Bxd7 26. Qxd7 Qa8
27. Rb7 Kh8 28. Qxf7 a4 29. Qh7# 1-0

[Event "FIDE TURNIR 2013"]
[Site "Ljubljana"]
[Date "2013.06.01"]
[Round "7.12"]
[White "Subelj, Jan"]
[Black "Marn, Jan"]
[Result "1-0"]
[WhiteElo "1503"]
[BlackElo "1384"]
[PlyCount "69"]
[EventDate "2013.05.29"]

1. e4 e5 2. Nf3 Nc6 3. Bc4 Bc5 4. O-O Nf6 5. d3 h6 6. Nc3 O-O 7. h3 d6 8. Be3
Bb6 9. Qd2 Be6 10. Bb3 Nd4 11. Bxd4 Bxd4 12. Nxd4 exd4 13. Ne2 c5 14. f4 Ne8
15. Ba4 Nc7 16. f5 Bd7 17. Bxd7 Qxd7 18. f6 g5 19. Rf5 Kh7 20. h4 Ne6 21. hxg5
h5 22. Ng3 h4 23. Nf1 Kg6 24. Nh2 Rh8 25. Ng4 Rh5 26. Nh2 Nxg5 27. Qe2 h3 28.
Qg4 Kh6 29. Rxg5 Rxg5 30. Qxd7 Rxg2+ 31. Kh1 Rxc2 32. Qxh3+ Kg6 33. Rg1+ Kxf6
34. Qd7 Ke5 35. Qf5# 1-0

[Event "FIDE TURNIR 2013"]
[Site "Ljubljana"]
[Date "2013.05.29"]
[Round "7.13"]
[White "Hrescak, Ivana"]
[Black "Krejic, Nik"]
[Result "1-0"]
[WhiteElo "1786"]
[BlackElo "1603"]
[PlyCount "91"]
[EventDate "2013.05.29"]

1. d4 d5 2. c4 e6 3. a3 Nf6 4. Nc3 Nbd7 5. Bg5 Be7 6. e3 O-O 7. Nf3 b6 8. cxd5
Nxd5 9. Bxe7 Qxe7 10. Nxd5 exd5 11. Rc1 Qd6 12. b4 Bb7 13. Bd3 c5 14. bxc5 bxc5
15. dxc5 Nxc5 16. Bb1 Ba6 17. Nd4 Rac8 18. f3 Rc7 19. Kf2 Rfc8 20. Qd2 g6 21.
Bc2 Nd3+ 22. Bxd3 Rxc1 23. Rxc1 Rxc1 24. Qxc1 Bxd3 25. Qc8+ Kg7 26. Qc3 Kg8 27.
Qxd3 Qxh2 28. Qc3 Qh4+ 29. Kg1 Qf6 30. Nb5 Qb6 31. Qb3 Qc5 32. Kf2 Qc1 33. Qc3
Qb1 34. Nxa7 Qa2+ 35. Kg3 Qe2 36. Nc6 Qb5 37. a4 Qb7 38. a5 Qc7+ 39. Kf2 Qb7
40. Nb4 Qa7 41. a6 Qb8 42. Nxd5 Qd8 43. Nf6+ Kf8 44. Qc5+ Kg7 45. Nh5+ Kg8 46.
Qd4 1-0

[Event "FIDE TURNIR 2013"]
[Site "Ljubljana"]
[Date "2013.05.29"]
[Round "7.14"]
[White "Sketa, Mark"]
[Black "Sivcevic, Nusret"]
[Result "1-0"]
[WhiteElo "1501"]
[BlackElo "1840"]
[PlyCount "121"]
[EventDate "2013.05.29"]

1. e4 e6 2. d4 b6 3. g3 Bb7 4. Bg2 Nf6 5. Nc3 Bb4 6. Qd3 c5 7. d5 Ba6 8. Qd1
exd5 9. exd5 Qe7+ 10. Be3 Bxc3+ 11. bxc3 d6 12. Ne2 O-O 13. O-O Ng4 14. Qd2 Re8
15. Rfe1 Ne5 16. Nf4 Nbd7 17. Nd3 Qf6 18. Bg5 Nf3+ 19. Bxf3 Qxf3 20. Nb2 Ne5
21. Bf4 Rad8 22. Re3 Qh5 23. Bxe5 Rxe5 24. Rxe5 dxe5 25. Re1 Bb7 26. c4 f6 27.
a4 a6 28. f4 b5 29. Qa5 Qe8 30. axb5 axb5 31. Qxb5 Qxb5 32. cxb5 Rxd5 33. fxe5
f5 34. Rd1 Rxe5 35. Rd8+ Kf7 36. Rd7+ Re7 37. Rxe7+ Kxe7 38. Kf2 Kd6 39. Ke3 g5
40. c4 Be4 41. Na4 Bc2 42. Nc3 Ke5 43. Nd5 Kd6 44. Nf6 h6 45. Ng8 h5 46. Nf6
Bb3 47. Kd3 Bd1 48. Nh7 g4 49. Nf6 h4 50. gxh4 f4 51. Ne4+ Ke5 52. Nxc5 g3 53.
hxg3 fxg3 54. Ke3 g2 55. Kf2 Bf3 56. Na6 Kd4 57. c5 Kd5 58. c6 Kd6 59. c7 Kd7
60. b6 Kc8 61. Nc5 1-0

[Event "FIDE TURNIR 2013"]
[Site "Ljubljana"]
[Date "2013.05.29"]
[Round "7.15"]
[White "Siraj, Anej"]
[Black "Korosec, Stefan"]
[Result "0-1"]
[WhiteElo "1460"]
[BlackElo "1727"]
[PlyCount "100"]
[EventDate "2013.05.29"]

1. e4 e5 2. Nf3 Nc6 3. Nc3 d6 4. d4 exd4 5. Nxd4 Bd7 6. Be3 Nf6 7. Bc4 Be7 8.
O-O O-O 9. Bb5 Ne5 10. Bxd7 Qxd7 11. b3 a6 12. Qe2 h6 13. Rad1 Rfe8 14. Nf3 Qc6
15. Bd4 Ng6 16. Rfe1 Nf4 17. Qd2 Ne6 18. Bxf6 Bxf6 19. Nd5 Be7 20. e5 Rad8 21.
Qe2 Bf8 22. Qf1 Qc5 23. exd6 Bxd6 24. Ne3 Qa3 25. Nd2 Qb4 26. Qe2 Ng5 27. Qh5
Qf4 28. Rf1 Bc5 29. Nec4 b5 30. Nb2 Rxd2 31. Rxd2 Qxd2 32. h4 Ne6 33. Rd1 Qxf2+
34. Kh1 Qxc2 35. b4 Bd6 36. Nd3 Qc4 37. Ne5 Bxe5 38. Qxe5 Qxh4+ 39. Kg1 Qxb4
40. Rd7 Qc5+ 41. Qxc5 Nxc5 42. Rxc7 Re5 43. Kf2 f6 44. Kf3 Kh7 45. g4 Kg6 46.
Ra7 Re6 47. Rc7 Nd3 48. Rc3 Ne5+ 49. Kf4 b4 50. Rc5 Nd3+ 0-1

[Event "FIDE TURNIR 2013"]
[Site "Ljubljana"]
[Date "2013.06.09"]
[Round "7.16"]
[White "Cerne, Peter"]
[Black "Kamensek, Ivan"]
[Result "0-1"]
[WhiteElo "1417"]
[BlackElo "1725"]
[PlyCount "24"]
[EventDate "2013.05.29"]

1. e4 e5 2. Nf3 Nf6 3. d4 exd4 4. e5 Ne4 5. Qxd4 d5 6. Be3 c5 7. Bb5+ Nc6 8.
Qd3 a6 9. Bxc6+ bxc6 10. O-O Be7 11. c3 a5 12. a4 Ba6 0-1